| 000 | 00909cam a22002651 4500 | ||
|---|---|---|---|
| 001 | 13546 | ||
| 003 | BD-RjUL | ||
| 005 | 20211208235454.0 | ||
| 008 | 170529s1961 n 001 0 eng d | ||
| 035 | _a(BD-RjUL)13598 | ||
| 035 | _a(OCoLC)329721 | ||
| 040 |
_aDLC _cOAkU _dUk _dDLC _dBD-RjUL _beng |
||
| 041 | _aeng | ||
| 082 | 0 | 0 |
_223 _a621.381535 _bPEE 1961 |
| 100 | 1 |
_aPettit, Joseph M. _q(Joseph Mayo) _942322 |
|
| 245 | 1 | 0 |
_aElectronic amplifier circuits: _btheory and design / _cby Joseph Mayo Pettit and Malcolm Myers McWhorter. |
| 260 |
_aNew York : _bMcGraw-Hill, _cc1961. |
||
| 300 |
_a325 p. : _billus. ; _c24 cm. |
||
| 504 | _aIncludes bibliography and Index | ||
| 650 | 0 |
_aAmplifiers (Electronics) _942323 |
|
| 700 | 1 |
_aMcWhorter, Malcolm Myers, _ejoint author. _942324 |
|
| 942 |
_2ddc _cBK |
||
| 999 |
_c13546 _d13546 |
||